000 00721nam a22002057a 4500
003 OSt
005 20251117103658.0
008 251117b |||||||| |||| 00| 0 eng d
020 _a 978-971-9925-11-8
040 _cCL
082 _24th edition
100 _aVALENCIA , EDWIN G.
245 _a Partnership and corporation accounting:
_bconcepts, principles, procedures and applications /
250 _a4th edition
260 _aBaguio City, Philippines :
_bValencia educational supply,
_c c2014
300 _a666 pages :
_billustrations ;
_c25 cm.
504 _aIncludes bibliographical references
650 _21. Corporations 2.Partnership accounting
942 _2ddc
_cBK - FIL
_e4th edition
_k657.92 V152p 2014
_n0
999 _c5707
_d5707